| 000 | 00473nam a2200157Ia 4500 | ||
|---|---|---|---|
| 008 | 240729s9999 xx 000 0 und d | ||
| 022 | _a2771-7976 | ||
| 245 | 0 | _aLanguage Development Research | |
| 260 | _aUnited States | ||
| 260 | _bCarnegie Mellon University Library Publishing Service | ||
| 650 | _a Philology. Linguistics | ||
| 650 | _aLanguage and Literature | ||
| 856 | _uhttps://doaj.org/toc/db30be031e884ac5a8334a39a97b114e | ||
| 942 | _2ddc | ||
| 942 | _cDOAJEJ | ||
| 999 |
_c67470 _d67470 |
||
| 945 |
_a1 _bMadushi Gamage _c1 _dMadushi Gamage |
||